1761 1328 1404 1345 1935 1699 1525 1809 1361 1705 1880 1130 1533 1069 1732 1398 1784 1803 1655 1091 1794 1730 1305 1316 1258 1482 1402 1165 1367 1498 1555 1591 1622 1526 1543 1866 1407 1655 1133 1380 1992 1530 1474 1329 1930 1941 1723 1824 1926 1621 1968 1805 1082 1087 1431 1608 1329 1818 1833 1644 1974 1247 1116 1041 1421 1511 1149 1763 1776 1447 1318 1631 1192 1450 1595 1788 1679 1266 1105 1838 1970 1914 1665 1350 1527 1649 1853 1492 1728 1069 1036 1892 1891 1511 1465 1522 1698 1554 1112 BCNSPRNW ULIB Ver.6.0+V

เปลี่ยนเป็นภาษาไทย

Change to English
 แสดงรายละเอียดบรรณานุกรม
  กลับหน้าหลัก

Brief Record : Get Marc (ISO 2709) : E-mail record : QR code < ปิดหน้าต่าง
LEADER : 00000nam 2200000uu 4500
001    13399123784
003     ULIB
008    120904s2557||||th 000 0 tha d
020    ^a9742911533
020    ^a9789742911539
060 04 ^aWY150^bค127ก ล.3
245 00 ^aการพยาบาลผู้ใหญ่และผู้สูงอายุ^nเล่ม 3 /^cคณาจารย์สถาบันพระบรมราชชนก
250    ^aพิมพ์ครั้งที่ 10
260    ^aนนทบุรี :^bโครงการสวัสดิการวิชาการ สถาบันพระบรมราชชนกกระทรวงสาธารณสุข,^c2557
300    ^a394 หน้า :^bภาพประกอบ ;^c26 ซม.
650  7 ^aการพยาบาล^xในวัยชรา
650  7 ^aการพยาบาล^xในวัยผู้ใหญ่
650  7 ^aการพยาบาลผู้สูงอายุ
650  7 ^aผู้สูงอายุ^xการดูแล
710 2  ^aสถาบันพระบรมราชชนก.^bโครงการสวัสดิการวิชาการ
710 2  ^aคณาจารย์สถาบันพระบรมราชชนก
945    ^p150^l0^i22041
945    ^p150^l0^i22042
945    ^p150^l0^i22043
945    ^p150^l0^i22044
945    ^p150^l0^i22045
945    ^p150^l0^i22046
945    ^p150^l0^i22047
945    ^p150^l0^i22048
945    ^p150^l0^i22049
945    ^p150^l0^i22050
995    ทศพร
999 ^a ใช้งานได้ทุกระบบ
รายการนี้ยังไม่มีแท็ก
คุณยังไม่ได้ล็อกอิน คุณสามารถมีกิจกรรมร่วมกับเว็บไซต์ได้ แต่ต้องล็อกอินก่อน ::
  ล็อกอิน

รายการสื่อสารสนเทศ

ลำดับที่ ประเภท เลขเรียก/บาร์โค้ด สถานที่ สถานะ
1. Book การพยาบาล
หนังสือสำรอง
สถานะ=หนังสือสำรอง
WY150 ค127ก ล.3 ฉ.1 
  Barcode: 22041
ห้องสมุดวิทยาเขตนครสวรรค์
►ส่วนจัดเก็บหนังสือเก่า นว.
บนชั้น
  ขอยืม
2. Book การพยาบาล
Book การพยาบาล
WY150 ค127ก ล.3 ฉ.10 
  Barcode: 22050
ห้องสมุดวิทยาเขตนครสวรรค์
►ส่วนจัดเก็บหนังสือเก่า นว.
บนชั้น
  ขอยืม
3. Book การพยาบาล
Book การพยาบาล
WY150 ค127ก ล.3 ฉ.2 
  Barcode: 22042
ห้องสมุดวิทยาเขตนครสวรรค์
►ส่วนจัดเก็บหนังสือเก่า นว.
ถูกยืม กำหนดส่งวันที่ 4 สิงหาคม 2568
  จอง
4. Book การพยาบาล
Book การพยาบาล
WY150 ค127ก ล.3 ฉ.3 
  Barcode: 22043
ห้องสมุดวิทยาเขตนครสวรรค์
►ส่วนจัดเก็บหนังสือเก่า นว.
บนชั้น
  ขอยืม
5. Book การพยาบาล
Book การพยาบาล
WY150 ค127ก ล.3 ฉ.4 
  Barcode: 22044
ห้องสมุดวิทยาเขตนครสวรรค์
►ส่วนจัดเก็บหนังสือเก่า นว.
บนชั้น
  ขอยืม
6. Book การพยาบาล
Book การพยาบาล
WY150 ค127ก ล.3 ฉ.5 
  Barcode: 22045
ห้องสมุดวิทยาเขตนครสวรรค์
►ส่วนจัดเก็บหนังสือเก่า นว.
บนชั้น
  ขอยืม
7. Book การพยาบาล
Book การพยาบาล
WY150 ค127ก ล.3 ฉ.6 
  Barcode: 22046
ห้องสมุดวิทยาเขตนครสวรรค์
►ส่วนจัดเก็บหนังสือเก่า นว.
บนชั้น
  ขอยืม
8. Book การพยาบาล
Book การพยาบาล
WY150 ค127ก ล.3 ฉ.7 
  Barcode: 22047
ห้องสมุดวิทยาเขตนครสวรรค์
►ส่วนจัดเก็บหนังสือเก่า นว.
บนชั้น
  ขอยืม
9. Book การพยาบาล
Book การพยาบาล
WY150 ค127ก ล.3 ฉ.8 
  Barcode: 22048
ห้องสมุดวิทยาเขตนครสวรรค์
►ส่วนจัดเก็บหนังสือเก่า นว.
บนชั้น
  ขอยืม
10. Book การพยาบาล
Book การพยาบาล
WY150 ค127ก ล.3 ฉ.9 
  Barcode: 22049
ห้องสมุดวิทยาเขตนครสวรรค์
►ส่วนจัดเก็บหนังสือเก่า นว.
บนชั้น
  ขอยืม

รายการใกล้เคียง
    หัวเรื่อง [การพยาบาลผู้สูงอายุ]
    หัวเรื่อง [ผู้สูงอายุ การดูแล]

BibComment


ยังไม่เคยถูกคอมเมนท์

คอมเมนท์ทรัพยากรรายการนี้
  คอมเมนท์: การพยาบาลผู้ใหญ่..


 Copyright 2026. Bcnsprnw @Library